[Event "FIDE World Uni Rapid-B 1st"]
[Site "Tornelo INT"]
[Date "2021.03.21"]
[Round "7"]
[White "Xia, Xiangchen"]
[Black "Osmak, Iulija"]
[Result "0-1"]
[WhiteElo "2039"]
[BlackElo "2428"]
[PlyCount "74"]
[EventDate "2021.03.20"]
[EventType "swiss (rapid)"]
[EventRounds "12"]
[EventCountry "NET"]
[SourceTitle "CBM 201 Extra"]
[Source "ChessBase"]
[SourceDate "2021.05.31"]
[SourceVersion "1"]
[SourceVersionDate "2021.05.31"]
[SourceQuality "1"]

1. e4 e6 2. d4 d5 3. Nc3 Nf6 4. e5 Nfd7 5. f4 c5 6. Nf3 Be7 7. Be3 b6 8. Qd2 Nc6 9. Be2 0-0 10. 0-0 f5 11. Nd1 cxd4 12. Nxd4 Nxd4 13. Bxd4 Nc5 14. Nf2 Bb7 15. Rad1 Rc8 16. c3 g5 17. g3 Kh8 18. Bf3 Ba6 19. Rfe1 Rg8 20. Kh1 Qf8 21. b4 Ne4 22. Nxe4 dxe4 23. Bg2 Qh6 24. a4 gxf4 25. gxf4 Rg4 26. b5 Bb7 27. Be3 Rcg8 28. Re2 Bd5 29. Qc2 Rh4 30. Bf1 Bc4 31. Rg2 Rxg2 32. Qxg2 Rg4 33. Qd2 Bxf1 34. Rxf1 Qh3 35. Qf2 Bh4 36. Qd2 Qxf1+ 37. Bg1 Qxg1# 0-1

[Event "FIDE World Uni Rapid-B 1st"]
[Site "Tornelo INT"]
[Date "2021.03.20"]
[Round "6"]
[White "Xia, Xiangchen"]
[Black "Shibashish, Mahapatra"]
[Result "1-0"]
[WhiteElo "2039"]
[BlackElo "1652"]
[PlyCount "35"]
[EventDate "2021.03.20"]
[EventType "swiss (rapid)"]
[EventRounds "12"]
[EventCountry "NET"]
[SourceTitle "CBM 201 Extra"]
[Source "ChessBase"]
[SourceDate "2021.05.31"]
[SourceVersion "1"]
[SourceVersionDate "2021.05.31"]
[SourceQuality "1"]

1. e4 e5 2. Nf3 Nc6 3. Bb5 Nf6 4. 0-0 Bc5 5. c3 0-0 6. d4 exd4 7. cxd4 Bb4 8. a3 Ba5 9. e5 Nd5 10. Bc4 Nde7 11. d5 Nb8 12. Bg5 h6 13. Bh4 g5 14. Nxg5 hxg5 15. Bxg5 d6 16. Qh5 Qd7 17. Bf6 Qf5 18. Qh8# 1-0